Iniciación al rugby y mini - rugby
Sparad:
| Huvudupphovsman: | |
|---|---|
| Materialtyp: | Bok |
| Språk: | spanska |
| Publicerad: |
Buenos Aires
Stadium
1976
|
| Ämnen: | |
| Taggar: |
Lägg till en tagg
Inga taggar, Lägg till första taggen!
|
MARC
| LEADER | 00000nam a2200000 a 4500 | ||
|---|---|---|---|
| 001 | UCY9424 | ||
| 003 | CL-VaPUC | ||
| 008 | 950717e19760923AG |||||||||||||||||spa|d | ||
| 082 | 0 | 4 | |a 796.333 |b WIL |2 21 |
| 100 | 0 | |a Williams, Ray |e author |9 341564 | |
| 245 | 1 | 0 | |a Iniciación al rugby y mini - rugby |
| 300 | |a 111 p | ||
| 942 | |c BK | ||
| 945 | |d 19950717 00:00:00 |a mfernand | ||
| 260 | |a Buenos Aires |b Stadium |c 1976 | ||
| 650 | 7 | |a RUGBY |2 CL-VaPUC |9 308211 | |
| 583 | |a last modification |c 19950717 00:00:00 |k Rodrigo Vera | ||
| 999 | |c 236519 |d 236517 | ||
| 952 | |0 0 |1 0 |4 0 |6 796_333000000000000_WIL_1976 |7 0 |8 P |9 244652 |a BIBEDU |b BIBEDU |c BIBEDU_PB |d 2019-11-18 |i 153646K |o 796.333 WIL 1976 |p 153646K |r 2024-01-25 |w 2019-11-18 |y BK |k EDU | ||
| 952 | |0 0 |1 0 |4 0 |6 796_333000000000000_WIL_1976 |7 0 |8 P |9 244653 |a BIBEDU |b BIBEDU |c BIBEDU_PB |d 2019-11-18 |i 1536451 |o 796.333 WIL 1976 |p 1536451 |r 2024-01-25 |w 2019-11-18 |y BK |k EDU | ||